000 00667cab a2200205 4500
001 WB3337-05
008 090401t1997 xxu||||| |||| 00| 0 eng d
035 _a(Sirsi) u81077
041 _aeng
245 _aReshaped Tarmac back in the black
260 _c1997
350 _a0
490 _aFinancial Times
_v24 September 1997, 24(1)
520 _aTarmac has announced pre-tax profits of £36.8m in the first half of 1997 compared with a previous loss of £58.3m. The company was restructured following its £600m asset swap with George Wimpey.
650 _aPROFITS
650 _aTARMAC
690 _aBUILT ENVIRONMENT
942 _n0
948 _c24/09/1997
999 _c51082
_d51082